Boatbuilding with steel

Gespeichert in:
Bibliographische Detailangaben
1. Verfasser: Klingel, Gilbert C (VerfasserIn)
Format: Buch
Sprache:Englisch
Veröffentlicht: Camden International Marine Publishing 1973
Schlagworte:
Tags: Tag hinzufügen
Keine Tags, Fügen Sie den ersten Tag hinzu!

MARC

LEADER 00000nam a2200000 a 4500
001 UCV5286
003 CL-VaPUC
008 921013e19730000US |||||||||||||||||eng|d
082 0 4 |a 623.8182  |b KLI  |2 21 
100 0 |a Klingel, Gilbert C  |e author  |9 299612 
245 1 0 |a Boatbuilding with steel 
300 |a pág. irreg 
942 |c BK 
945 |d 19921013 00:00:00 
260 |a Camden  |b International Marine Publishing  |c 1973 
650 7 |a BARCOS METALICOS  |2 CL-VaPUC  |9 261996 
650 7 |a BARCOS DE ALUMINIO  |2 CL-VaPUC  |9 261997 
650 7 |a CONSTRUCCION NAVAL  |2 CL-VaPUC  |9 260853 
583 |a last modification  |c 20120719 11:12:07  |k Rodrigo Vera 
999 |c 211856  |d 211854 
952 |0 0  |1 0  |2 ddc  |4 0  |6 623_818200000000000_KLI_1973  |7 0  |8 CCM  |9 191860  |a BIBCUR  |b BIBCUR  |c PAC  |d 2019-11-14  |i 2593750  |o 623.8182 KLI 1973  |p 2593750  |r 2025-04-22  |w 2019-11-14  |y BK  |k CIM